| 000 | 00360nam a2200133Ia 4500 | ||
|---|---|---|---|
| 008 | 220204s9999 xx 000 0 und d | ||
| 082 |
_a62-03 _bJAS;1 |
||
| 100 | _aJastrzebski, Zhigniew D | ||
| 245 | 0 | _aNature and properties of engineering materials | |
| 250 | _aEd.2 | ||
| 260 |
_aNew York _bJohn Wiley _c1959 |
||
| 650 | _aEngineering material | ||
| 942 | _cBK | ||
| 999 |
_c27922 _d27922 |
||